<?xml version="1.0" encoding="UTF-8"?>
<record
    xmlns:xsi="http://www.w3.org/2001/XMLSchema-instance"
    xsi:schemaLocation="http://www.loc.gov/MARC21/slim http://www.loc.gov/standards/marcxml/schema/MARC21slim.xsd"
    xmlns="http://www.loc.gov/MARC21/slim">

  <leader>02085nam a22004697a 4500</leader>
  <controlfield tag="003">OSt</controlfield>
  <controlfield tag="005">20230816101930.0</controlfield>
  <controlfield tag="008">220929b        |||||||| |||| 00| 0 eng d</controlfield>
  <datafield tag="040" ind1=" " ind2=" ">
    <subfield code="c">Biblioteca Lado V</subfield>
  </datafield>
  <datafield tag="082" ind1=" " ind2=" ">
    <subfield code="a">779.942.092</subfield>
    <subfield code="b">I12o</subfield>
  </datafield>
  <datafield tag="100" ind1=" " ind2=" ">
    <subfield code="9">938</subfield>
    <subfield code="a">Ibarra, Alejandro</subfield>
    <subfield code="e">editor</subfield>
  </datafield>
  <datafield tag="245" ind1=" " ind2=" ">
    <subfield code="a">Orgullo/</subfield>
    <subfield code="b">Gu&#xED;a del dosmil diecisiete/</subfield>
  </datafield>
  <datafield tag="260" ind1=" " ind2=" ">
    <subfield code="b">Frente por los derechos igualitarios</subfield>
    <subfield code="c">2017</subfield>
    <subfield code="a">Costa Rica</subfield>
  </datafield>
  <datafield tag="300" ind1=" " ind2=" ">
    <subfield code="a">99p.</subfield>
    <subfield code="c">16.5x21.5cm</subfield>
  </datafield>
  <datafield tag="490" ind1=" " ind2=" ">
    <subfield code="v">2017</subfield>
  </datafield>
  <datafield tag="505" ind1=" " ind2=" ">
    <subfield code="a">Juntos Existir</subfield>
    <subfield code="r">David Ulloa</subfield>
  </datafield>
  <datafield tag="505" ind1=" " ind2=" ">
    <subfield code="a">Costa Rica: 30 a&#xF1;os saliendo del closet </subfield>
    <subfield code="t">Diego Perez</subfield>
  </datafield>
  <datafield tag="505" ind1=" " ind2=" ">
    <subfield code="a">El amor, los n&#xFA;meros y la Tenis Deportivas</subfield>
    <subfield code="r">Sitaira Cubillo</subfield>
  </datafield>
  <datafield tag="505" ind1=" " ind2=" ">
    <subfield code="a">Aleeeeertaaa! Activistas LGBTIQ se disputan la curul: Entre la lucha de la calle y las ansias de poder 2018 </subfield>
    <subfield code="r">Shi Alarc&#xF3;n</subfield>
  </datafield>
  <datafield tag="505" ind1=" " ind2=" ">
    <subfield code="a">Romance, Libertad y Soraya Montenegro</subfield>
    <subfield code="t">Adrian Campos</subfield>
  </datafield>
  <datafield tag="505" ind1=" " ind2=" ">
    <subfield code="a">La Doble vida de Jimena</subfield>
  </datafield>
  <datafield tag="505" ind1=" " ind2=" ">
    <subfield code="a">Traves&#xED;a por la salud mental de una persona no heterosexual</subfield>
    <subfield code="t">Alejandro Piercy</subfield>
  </datafield>
  <datafield tag="505" ind1=" " ind2=" ">
    <subfield code="a">Soy un playo que sali&#xF3; del pueblo, pero el pueblo nunca sali&#xF3; de m&#xED;</subfield>
    <subfield code="g">Luis Herra</subfield>
  </datafield>
  <datafield tag="505" ind1=" " ind2=" ">
    <subfield code="a">Arte desde la diferencia sexual, una breve rese&#xF1;a</subfield>
    <subfield code="r">Roberto Guerrero</subfield>
  </datafield>
  <datafield tag="505" ind1=" " ind2=" ">
    <subfield code="a">Mariscales 2017</subfield>
    <subfield code="r">Grettel Monge</subfield>
  </datafield>
  <datafield tag="505" ind1=" " ind2=" ">
    <subfield code="a">Exilio a la Meca</subfield>
    <subfield code="r">Andy Morales</subfield>
  </datafield>
  <datafield tag="505" ind1=" " ind2=" ">
    <subfield code="a">De Homofobias y Transfobias</subfield>
    <subfield code="g">Sitaira Cubillo</subfield>
  </datafield>
  <datafield tag="505" ind1=" " ind2=" ">
    <subfield code="a">Cuerpos Libres</subfield>
    <subfield code="t">Alejandro Ibarra</subfield>
  </datafield>
  <datafield tag="505" ind1=" " ind2=" ">
    <subfield code="a">Amor propio desde coger</subfield>
    <subfield code="g">Victoria Rovira</subfield>
  </datafield>
  <datafield tag="505" ind1=" " ind2=" ">
    <subfield code="a">Lava</subfield>
    <subfield code="r">Mauricio Orellana</subfield>
  </datafield>
  <datafield tag="505" ind1=" " ind2=" ">
    <subfield code="a">10 a&#xF1;os con besos que resisten </subfield>
    <subfield code="r">Beso Diverso</subfield>
  </datafield>
  <datafield tag="505" ind1=" " ind2=" ">
    <subfield code="a">Saber para Servir</subfield>
    <subfield code="r">Alejandro Piercy</subfield>
  </datafield>
  <datafield tag="505" ind1=" " ind2=" ">
    <subfield code="a">Agenda de Actividades</subfield>
  </datafield>
  <datafield tag="505" ind1=" " ind2=" ">
    <subfield code="a">Cr&#xE9;ditos y Agradecimientos</subfield>
  </datafield>
  <datafield tag="650" ind1=" " ind2=" ">
    <subfield code="2">Tesauro de Arte &amp; Arquitectura</subfield>
    <subfield code="a">ARTE</subfield>
  </datafield>
  <datafield tag="650" ind1=" " ind2=" ">
    <subfield code="2">Tesauro de Arte &amp; Arquitectura</subfield>
    <subfield code="a">DIVERSIDAD</subfield>
  </datafield>
  <datafield tag="650" ind1=" " ind2=" ">
    <subfield code="2">Tesauro de Arte &amp; Arquitectura</subfield>
    <subfield code="a">ORGULLO</subfield>
  </datafield>
  <datafield tag="650" ind1=" " ind2=" ">
    <subfield code="2">Tesauro de Arte &amp; Arquitectura</subfield>
    <subfield code="a">HOMOSEXUALIDAD</subfield>
  </datafield>
  <datafield tag="650" ind1=" " ind2=" ">
    <subfield code="2">Tesauro de Arte &amp; Arquitectura</subfield>
    <subfield code="a">CRITICA</subfield>
  </datafield>
  <datafield tag="651" ind1=" " ind2=" ">
    <subfield code="2">Tesauro de Arte &amp; Arquitectura</subfield>
    <subfield code="a">COSTA RICA</subfield>
  </datafield>
  <datafield tag="942" ind1=" " ind2=" ">
    <subfield code="2">ddc</subfield>
    <subfield code="c">1</subfield>
    <subfield code="h">779.942.092</subfield>
    <subfield code="i">I12o</subfield>
    <subfield code="n">0</subfield>
  </datafield>
  <datafield tag="999" ind1=" " ind2=" ">
    <subfield code="c">4125</subfield>
    <subfield code="d">4125</subfield>
  </datafield>
  <datafield tag="952" ind1=" " ind2=" ">
    <subfield code="0">0</subfield>
    <subfield code="1">0</subfield>
    <subfield code="2">ddc</subfield>
    <subfield code="3">2017</subfield>
    <subfield code="4">0</subfield>
    <subfield code="7">0</subfield>
    <subfield code="8">Revistas</subfield>
    <subfield code="a">LV</subfield>
    <subfield code="b">LV</subfield>
    <subfield code="d">2023-08-16</subfield>
    <subfield code="i">003223</subfield>
    <subfield code="l">0</subfield>
    <subfield code="o">779.942.092 I12o</subfield>
    <subfield code="p">003223</subfield>
    <subfield code="r">2023-08-16 00:00:00</subfield>
    <subfield code="w">2023-08-16</subfield>
    <subfield code="y">1</subfield>
  </datafield>
</record>
